Biggest Cities in Sub-Saharan Africa on a Map - Statistics

General Stats
  • This quiz has been taken 1,186 times
  • The average score is 18 of 20
Answers on the Map
Answers color-coded by a green-red scale on the quiz's map according to % correct below.
 
Answer Stats
Population City % Correct
19,400,000 Lagos
99%
4,225,000 Cape Town
98%
3,800,000 Addis Ababa
97%
13,900,000 Johannesburg
97%
12,400,000 Kinshasa
97%
5,900,000 Nairobi
97%
3,725,000 Dakar
96%
8,150,000 Luanda
95%
5,100,000 Accra
94%
3,525,000 Abuja
93%
6,450,000 Dar es Salaam
93%
3,525,000 Kampala
91%
3,525,000 Bamako
88%
3,450,000 Yaoundé
88%
5,600,000 Abidjan
83%
3,425,000 Durban
83%
4,700,000 Kano
80%
3,375,000 Douala
67%
3,575,000 Ibadan
64%
3,025,000 Kumasi
54%
No matching quizzes found
Score Distribution
Percent of People with Each Score
Percentile by Number Answered
Your Score History
You have not taken this quiz